<?xml version="1.0" encoding="UTF-8"?><marc:collection xmlns:marc="http://www.loc.gov/MARC21/slim">
  <marc:record>
    <marc:leader>02929nas a2200601 c 4500</marc:leader>
    <marc:controlfield tag="001">010007334</marc:controlfield>
    <marc:controlfield tag="003">DE-101</marc:controlfield>
    <marc:controlfield tag="005">20241029111112.0</marc:controlfield>
    <marc:controlfield tag="007">tu</marc:controlfield>
    <marc:controlfield tag="008">991118d18771977gw a||p|  ||| 0||||1ger c</marc:controlfield>
    <marc:datafield tag="015" ind1=" " ind2=" ">
      <marc:subfield code="a">78,B08,0087</marc:subfield>
      <marc:subfield code="2">dnb</marc:subfield>
    </marc:datafield>
    <marc:datafield tag="016" ind1="7" ind2=" ">
      <marc:subfield code="2">DE-600</marc:subfield>
      <marc:subfield code="a">777-8</marc:subfield>
    </marc:datafield>
    <marc:datafield tag="016" ind1="7" ind2=" ">
      <marc:subfield code="2">DE-101</marc:subfield>
      <marc:subfield code="a">010007334</marc:subfield>
    </marc:datafield>
    <marc:datafield tag="035" ind1=" " ind2=" ">
      <marc:subfield code="a">(DE-599)ZDB777-8</marc:subfield>
    </marc:datafield>
    <marc:datafield tag="035" ind1=" " ind2=" ">
      <marc:subfield code="a">(OCoLC)1367297719</marc:subfield>
    </marc:datafield>
    <marc:datafield tag="040" ind1=" " ind2=" ">
      <marc:subfield code="a">9001</marc:subfield>
      <marc:subfield code="b">ger</marc:subfield>
      <marc:subfield code="c">DE-101</marc:subfield>
      <marc:subfield code="d">9001</marc:subfield>
    </marc:datafield>
    <marc:datafield tag="041" ind1=" " ind2=" ">
      <marc:subfield code="a">ger</marc:subfield>
    </marc:datafield>
    <marc:datafield tag="042" ind1=" " ind2=" ">
      <marc:subfield code="a">zdb</marc:subfield>
    </marc:datafield>
    <marc:datafield tag="044" ind1=" " ind2=" ">
      <marc:subfield code="c">XA-DE</marc:subfield>
    </marc:datafield>
    <marc:datafield tag="082" ind1="7" ind2="4">
      <marc:subfield code="a">380</marc:subfield>
      <marc:subfield code="q">DE-600</marc:subfield>
      <marc:subfield code="2">22sdnb</marc:subfield>
    </marc:datafield>
    <marc:datafield tag="084" ind1=" " ind2=" ">
      <marc:subfield code="a">05a</marc:subfield>
      <marc:subfield code="a">330</marc:subfield>
      <marc:subfield code="a">380</marc:subfield>
      <marc:subfield code="a">650</marc:subfield>
      <marc:subfield code="a">670</marc:subfield>
      <marc:subfield code="q">DE-101</marc:subfield>
      <marc:subfield code="2">sdnb</marc:subfield>
    </marc:datafield>
    <marc:datafield tag="110" ind1="2" ind2=" ">
      <marc:subfield code="0">(DE-588)38388-0</marc:subfield>
      <marc:subfield code="0">https://d-nb.info/gnd/38388-0</marc:subfield>
      <marc:subfield code="0">(DE-101)000383880</marc:subfield>
      <marc:subfield code="a">Handelskammer Bremen</marc:subfield>
      <marc:subfield code="e">Verfasser</marc:subfield>
      <marc:subfield code="4">aut</marc:subfield>
      <marc:subfield code="2">gnd</marc:subfield>
    </marc:datafield>
    <marc:datafield tag="245" ind1="1" ind2="0">
      <marc:subfield code="a">Bericht / Handelskammer Bremen</marc:subfield>
      <marc:subfield code="b">über d. Jahr ... ; erstattet an die Kaufmannschaft</marc:subfield>
      <marc:subfield code="n">[...]</marc:subfield>
      <marc:subfield code="p">[Jahresausgabe]</marc:subfield>
    </marc:datafield>
    <marc:datafield tag="246" ind1="1" ind2="3">
      <marc:subfield code="a">Bericht / Jahresausgabe</marc:subfield>
    </marc:datafield>
    <marc:datafield tag="246" ind1="1" ind2=" ">
      <marc:subfield code="i">Titelzusatz früher</marc:subfield>
      <marc:subfield code="a">erstattet an den Kaufmannskonvent</marc:subfield>
    </marc:datafield>
    <marc:datafield tag="247" ind1="0" ind2="0">
      <marc:subfield code="a">Bericht über die Tätigkeit der Handelskammer zu Bremen</marc:subfield>
      <marc:subfield code="f">Hauptsacht. 1877 - 1899</marc:subfield>
    </marc:datafield>
    <marc:datafield tag="247" ind1="0" ind2="0">
      <marc:subfield code="a">Bericht über die Thätigkeit der Handelskammer in Bremen</marc:subfield>
      <marc:subfield code="f">Hauptsacht. teils</marc:subfield>
    </marc:datafield>
    <marc:datafield tag="247" ind1="0" ind2="0">
      <marc:subfield code="a">Bericht der Handelskammer in Bremen</marc:subfield>
      <marc:subfield code="f">Hauptsacht. 1900 - 1933</marc:subfield>
    </marc:datafield>
    <marc:datafield tag="247" ind1="0" ind2="0">
      <marc:subfield code="a">Jahresbericht der Handelskammer zu Bremen</marc:subfield>
      <marc:subfield code="f">1929 - 1931 inhaltl. gleiche Ausg. auch u.d.T.</marc:subfield>
    </marc:datafield>
    <marc:datafield tag="264" ind1="3" ind2="1">
      <marc:subfield code="a">Bremen</marc:subfield>
      <marc:subfield code="b">Hauschild</marc:subfield>
      <marc:subfield code="c">1877-1977</marc:subfield>
    </marc:datafield>
    <marc:datafield tag="264" ind1="2" ind2="1">
      <marc:subfield code="3">anfangs</marc:subfield>
      <marc:subfield code="a">Bremen</marc:subfield>
      <marc:subfield code="b">Handelskammer</marc:subfield>
    </marc:datafield>
    <marc:datafield tag="264" ind1="3" ind2="3">
      <marc:subfield code="a">Bremen</marc:subfield>
      <marc:subfield code="b">Druck der Bremer Zeitungsverlag G.m.B.H</marc:subfield>
    </marc:datafield>
    <marc:datafield tag="264" ind1="2" ind2="3">
      <marc:subfield code="3">1881-1913</marc:subfield>
      <marc:subfield code="a">Bremen</marc:subfield>
      <marc:subfield code="b">Druck von H. M. Hauschild</marc:subfield>
    </marc:datafield>
    <marc:datafield tag="264" ind1="2" ind2="3">
      <marc:subfield code="3">1914-1921</marc:subfield>
      <marc:subfield code="a">Bremen</marc:subfield>
      <marc:subfield code="b">Druck der Bremer Zeitungs-Gesellschaft m.B.H</marc:subfield>
    </marc:datafield>
    <marc:datafield tag="336" ind1=" " ind2=" ">
      <marc:subfield code="a">Text</marc:subfield>
      <marc:subfield code="b">txt</marc:subfield>
      <marc:subfield code="2">rdacontent</marc:subfield>
    </marc:datafield>
    <marc:datafield tag="337" ind1=" " ind2=" ">
      <marc:subfield code="a">ohne Hilfsmittel zu benutzen</marc:subfield>
      <marc:subfield code="b">n</marc:subfield>
      <marc:subfield code="2">rdamedia</marc:subfield>
    </marc:datafield>
    <marc:datafield tag="338" ind1=" " ind2=" ">
      <marc:subfield code="a">Band</marc:subfield>
      <marc:subfield code="b">nc</marc:subfield>
      <marc:subfield code="2">rdacarrier</marc:subfield>
    </marc:datafield>
    <marc:datafield tag="362" ind1="0" ind2=" ">
      <marc:subfield code="a">1877 - 1933; 1948 - 1977</marc:subfield>
    </marc:datafield>
    <marc:datafield tag="363" ind1="0" ind2="0">
      <marc:subfield code="8">1.1\x</marc:subfield>
      <marc:subfield code="i">1877</marc:subfield>
    </marc:datafield>
    <marc:datafield tag="363" ind1="1" ind2="0">
      <marc:subfield code="8">1.2\x</marc:subfield>
      <marc:subfield code="i">1933</marc:subfield>
    </marc:datafield>
    <marc:datafield tag="363" ind1="0" ind2="0">
      <marc:subfield code="8">2.1\x</marc:subfield>
      <marc:subfield code="i">1948</marc:subfield>
    </marc:datafield>
    <marc:datafield tag="363" ind1="1" ind2="0">
      <marc:subfield code="8">2.2\x</marc:subfield>
      <marc:subfield code="i">1977</marc:subfield>
    </marc:datafield>
    <marc:datafield tag="515" ind1=" " ind2=" ">
      <marc:subfield code="a">1939 - 1944 nicht ersch.</marc:subfield>
    </marc:datafield>
    <marc:datafield tag="591" ind1=" " ind2=" ">
      <marc:subfield code="a">F/C!180!</marc:subfield>
    </marc:datafield>
    <marc:datafield tag="655" ind1=" " ind2="7">
      <marc:subfield code="0">(DE-588)4067488-5</marc:subfield>
      <marc:subfield code="0">https://d-nb.info/gnd/4067488-5</marc:subfield>
      <marc:subfield code="0">(DE-101)040674886</marc:subfield>
      <marc:subfield code="a">Zeitschrift</marc:subfield>
      <marc:subfield code="2">gnd-content</marc:subfield>
    </marc:datafield>
    <marc:datafield tag="776" ind1="0" ind2="8">
      <marc:subfield code="i">Elektronische Reproduktion</marc:subfield>
      <marc:subfield code="a">Handelskammer Bremen</marc:subfield>
      <marc:subfield code="t">Bericht der Handelskammer in Bremen</marc:subfield>
      <marc:subfield code="d">Bremen : [Verlag nicht ermittelbar], 1881-1920</marc:subfield>
      <marc:subfield code="h">Online-Ressource</marc:subfield>
      <marc:subfield code="w">(DE-600)3199254-7</marc:subfield>
      <marc:subfield code="w">(DE-101)1345776462</marc:subfield>
    </marc:datafield>
    <marc:datafield tag="785" ind1="0" ind2="8">
      <marc:subfield code="i">Vorg. u. Forts.:</marc:subfield>
      <marc:subfield code="a">Handelskammer Bremen</marc:subfield>
      <marc:subfield code="t">Jahresbericht / Handelskammer Bremen ; Industrie- und Handelskammer Bremerhaven</marc:subfield>
      <marc:subfield code="d">Bremen : Handelskammer, 1858-Januar 2015</marc:subfield>
      <marc:subfield code="w">(DE-600)502356-7</marc:subfield>
      <marc:subfield code="w">(DE-101)012625213</marc:subfield>
    </marc:datafield>
    <marc:datafield tag="785" ind1="0" ind2="8">
      <marc:subfield code="i">1934 - 1938</marc:subfield>
      <marc:subfield code="a">Industrie- und Handelskammer Bremen</marc:subfield>
      <marc:subfield code="t">Bericht der Industrie- und Handelskammer Bremen</marc:subfield>
      <marc:subfield code="d">Bremen : [Verlag nicht ermittelbar], 1934-1938</marc:subfield>
      <marc:subfield code="w">(DE-600)502359-2</marc:subfield>
      <marc:subfield code="w">(DE-101)012625221</marc:subfield>
    </marc:datafield>
    <marc:datafield tag="785" ind1="0" ind2="8">
      <marc:subfield code="i">1945/47</marc:subfield>
      <marc:subfield code="a">Handelskammer Bremen</marc:subfield>
      <marc:subfield code="t">Nachkriegsbericht der Handelskammer Bremen</marc:subfield>
      <marc:subfield code="d">Bremen : Handelskammer, 1947-1947</marc:subfield>
      <marc:subfield code="w">(DE-600)6533-X</marc:subfield>
      <marc:subfield code="w">(DE-101)010088237</marc:subfield>
    </marc:datafield>
    <marc:datafield tag="850" ind1=" " ind2=" ">
      <marc:subfield code="a">DE-101a</marc:subfield>
      <marc:subfield code="a">DE-101b</marc:subfield>
    </marc:datafield>
    <marc:datafield tag="889" ind1=" " ind2=" ">
      <marc:subfield code="w">(DE-101)550331417</marc:subfield>
    </marc:datafield>
    <marc:datafield tag="889" ind1=" " ind2=" ">
      <marc:subfield code="w">(DE-600)1367841-3</marc:subfield>
    </marc:datafield>
    <marc:datafield tag="930" ind1=" " ind2=" ">
      <marc:subfield code="a">[Jahresausgabe]</marc:subfield>
    </marc:datafield>
  </marc:record>
</marc:collection>
